Entry Nombre personal
001 - NÚMERO DE CONTROL
- campo de control: 99702
003 - IDENTIFICADOR DE NÚMERO DE CONTROL
- campo de control: SpMaBN
005 - FECHA Y HORA DE LA ÚLTIMA TRANSACCIÓN
- campo de control: 20250818090832.0
008 - ELEMENTOS DE DATO DE LONGITUD-FIJA
- campo de control de longitud fija: 010212nn aijnnaabn a aaa
016 ## - NÚMERO DE CONTROL DE UNA AGENCIA BIBLIOGRÁFICA NACIONAL
- Número de control del registro: BNE20011066654
024 7# - IDENTIFICADOR DE OTROS ESTÁNDARES
- Número estándar o código: http://www.wikidata.org/entity/Q23540782
- Fuente: wikidata
024 7# - IDENTIFICADOR DE OTROS ESTÁNDARES
- Número estándar o código: http://viaf.org/viaf/87250352/
- Fuente: viaf
040 ## - FUENTE DE CATALOGACIÓN
- Centro catalogador/agencia de origen: SpMaBN
- Lengua de catalogación: spa
- Centro/agencia transcriptor: SpMaBN
- Normas de descripción: rdc
- Convención/Normas de encabezamiento de materia/tesauro: embne
046 ## - FECHAS CON CODIFICACIÓN ESPECIAL
- Fecha de nacimiento: 1835
- Fecha de la muerte: 1872
100 1# - ENCABEZAMIENTO-NOMBRE DE PERSONA
- Nombre de persona: Roselló y Prados, José María,
- Fechas asociadas al nombre: 1835-1872
370 ## - LUGAR ASOCIADO
- Lugar de nacimiento: Palma
- Número de control del registro de autoridad o número normalizado: XX450572
- Fuente de información: Wikidata
375 ## - GÉNERO/SEXO
- Género: Masculino
- Fuente de información: Wikidata
400 1# - TRAZADO DE VÉASE--NOMBRE DE PERSONA
- Nombre de persona: Roselló y Prados, José,
- Fechas asociadas al nombre: 1835-1872
670 ## - FUENTE DE DATOS ENCONTRADOS
- Cita de la fuente: Iconografía Hispana
- Información encontrada: t. V, p. 375 (Roselló y Prados, José María; n. 1835, m. 1872; grabador; regente de la Calcografía Nacional)
670 ## - FUENTE DE DATOS ENCONTRADOS
- Cita de la fuente: Catálogo Calcografía, 2004
- Información encontrada: t. II, p. 526 (José Roselló y Prados; Palma de Mallorca, 1835 - Madrid, 1872)
